Fifa 07 Player Overall 85+ - Statistiken

Allgemein
  • Dieses Quiz wurde 104 mal gespielt
  • Das Durchschnittsergebnis liegt bei 55 aus 124
Antwortstatistiken
Overall Verein Position Nationalität Alter Antwort % Korrekt
93 Manchester United ST England 20 Wayne Rooney
96%
93 Juventus Turin GK Italien 28 Gianluigi Buffon
93%
91 FC Barcelona CAM Brasilien 26 Ronaldinho
93%
87 Manchester United RW Portugal 21 Cristiano Ronaldo
90%
91 FC Arsenal ST Frankreich 28 Thierry Henry
90%
88 FC Chelsea LW Niederlande 22 Arjen Robben
86%
89 FC Chelsea GK Tschechien 24 Petr Cech
86%
86 FC Bayern München LWB Deutschland 22 Philipp Lahm
86%
90 FC Chelsea CM England 28 Frank Lampard
85%
90 AS Roma CAM Italien 29 Francesco Totti
84%
91 FC Chelsea CB England 25 John Terry
84%
88 FC Liverpool CM England 26 Steven Gerrard
84%
89 Real Madrid GK Spanien 25 Iker Casillas
82%
89 FC Barcelona ST Kamerun 25 Samuel Eto'o
82%
88 FC Arsenal GK Deutschland 36 Jens Lehmann
79%
88 AC Milan CAM Brasilien 24 Kaka
79%
85 FC Barcelona RF Argentinien 19 Lionel Messi
79%
87 FC Chelsea CM Deutschland 29 Michael Ballack
79%
89 FC Barcelona CB Spanien 28 Carlos Puyol
78%
89 FC Bayern München CB Brasilien 28 Lucio
78%
88 FC Bayern München GK Deutschland 37 Oliver Kahn
78%
87 Inter Mailand ST Schweden 24 Zlatan Ibrahimovic
75%
89 Valencia CF ST Spanien 24 David Villa
74%
87 Manchester United GK Niederlande 35 Edwin van der Sar
73%
87 Atletico Madrid ST Spanien 22 Fernando Torres
73%
87 SV Werder Bremen ST Deutschland 28 Miroslav Klose
71%
85 FC Chelsea ST Elfenbeinküste 28 Didier Drogba
70%
87 Hamburger SV CAM Niederlande 23 Rafael van der Vaart
70%
87 FC Bayern München CB Belgien 28 Daniel van Buyten
68%
89 Fiorentina ST Italien 29 Luca Toni
68%
88 Inter Mailand RW Portugal 33 Luis Figo
68%
87 FC Bayern München CF Deutschland 21 Lukas Podolski
68%
85 SV Werder Bremen CB Deutschland 21 Per Mertesacker
68%
86 SV Werder Bremen CDM Deutschland 29 Torsten Frings
68%
88 FC Chelsea ST Ukraine 29 Andriy Shevchenko
67%
85 Real Madrid CB Spanien 20 Sergio Ramos
67%
85 FC Barcelona CM Spanien 26 Xavi
67%
91 Real Madrid CB Italien 32 Fabio Cannavaro
66%
87 Real Madrid ST Niederlande 29 Ruud van Nistelrooy
66%
85 Manchester United LM Wales 32 Ryan Giggs
66%
87 FC Bayern München ST Niederlande 31 Roy Makaay
64%
87 AC Milan CM Italien 27 Andrea Pirlo
63%
88 Bayer 04 Leverkusen RM Deutschland 32 Bernd Schneider
62%
87 Real Madrid RM England 31 David Beckham
62%
90 Juventus Turin ST Frankreich 28 David Trezeguet
62%
88 AC Milan GK Brasilien 32 Dida
62%
85 Hamburger SV GK Deutschland 33 Frank Rost
62%
88 Manchester United CB England 27 Rio Ferdinand
62%
85 FC Arsenal ST Niederlande 22 Robin van Persie
62%
87 Juventus Turin CF Italien 31 Alessandro del Piero
59%
85 FC Arsenal CAM Tschechien 25 Tomas Rosicky
59%
89 Inter Mailand ST Brasilien 24 Adriano
58%
85 FC Liverpool CM Spanien 24 Xabi Alonso
58%
85 Olympique Marseille CAM Frankreich 23 Franck Ribery
56%
86 Hamburger SV CB Belgien 20 Vincent Kompany
56%
87 Borussia Dortmund CB Deutschland 25 Christoph Metzelder
55%
86 FC Chelsea CM Ghana 23 Michael Essien
55%
86 Real Madrid ST Brasilien 22 Robinho
55%
90 FC Santos LW Brasilien 31 Ze Roberto
55%
91 AC Milan CB Italien 30 Alessandro Nesta
53%
87 FC Schalke 04 CB Brasilien 30 Marcelo Bordon
53%
86 FC Porto RW Portugal 22 Ricardo Quaresma
53%
87 FC Chelsea LM England 24 Joe Cole
52%
85 FC Arsenal CM Spanien 19 Cesc Fabregas
51%
86 Olympiacos FC CAM Brasilien 34 Rivaldo
51%
86 FC Barcelona CAM Brasilien 28 Deco
45%
86 Juventus Turin RM Italien 29 Mauro Camoranesi
45%
87 West Ham LF Argentinien 22 Carlos Tevez
44%
85 Galatasaray Istanbul RW Türkei 29 Hasan Sas
44%
86 VFL Wolfsburg CAM Brasilien 31 Marcelinho
41%
87 Galatasaray Istanbul GK Kolumbien 35 Faryd Mondragon
40%
85 Bayer 04 Leverkusen CB Brasilien 27 Juan
40%
88 Juventus Turin CAM Tschechien 33 Pavel Nedved
37%
92 Olympique Lyon GK Frankreich 33 Gregory Coupet
34%
86 Newcastle United ST England 26 Michael Owen
33%
85 FC Schalke 04 CB Serbien 32 Mladen Krstajic
32%
86 FC Bayern München RWB Frankreich 29 Willy Sagnol
32%
87 PSV Eindhoven CB Brasilien 24 Alex
29%
86 Fenerbahce Istanbul CAM Brasilien 28 Alex
29%
89 Olympique Lyon CB Brasilien 29 Cris
29%
88 Olympique Lyon CAM Brasilien 31 Juninho
27%
85 Real Zaragoza CB Argentinien 25 Gabriel Milito
25%
86 ZSKA Moskau GK Russland 20 Igor Akinfeev
23%
88 FC Barcelona CB Frankreich 34 Lilian Thuram
21%
86 Manchester United CAM England 31 Paul Scholes
21%
86 FC Barcelona RB Italien 29 Gianluca Zambrotta
19%
88 Inter Mailand ST Argentinien 30 Hernan Crespo
19%
85 FC Nantes GK Frankreich 35 Fabien Barthez
18%
86 Tottenham Hotspur ST Irland 25 Robbie Keane
18%
85 FC Liverpool CB England 28 Jamie Carragher
15%
86 Inter Mailand RWB Argentinien 32 Javier Zanetti
15%
86 Tottenham Hotspur GK England 26 Paul Robinson
15%
86 FC Barcelona CB Mexiko 27 Rafael Marquez
15%
88 Villareal CF CAM Argentinien 28 Juan Riquelme
14%
86 FC Barcelona CF Island 27 Eidur Gudjohnsen
12%
85 Inter Mailand CDM Frankreich 30 Patrick Vieira
12%
85 VFB Stuttgart CB Portugal 28 Fernando Meira
10%
85 AC Milan ST Italien 23 Alberto Gilardino
8%
85 FC Liverpool CF Spanien 28 Luis Garcia
8%
87 Real Madrid CDM Mali 25 Mahamadou Diarra
8%
86 Paris Saint-Germain ST Portugal 33 Pauleta
8%
85 Inter Mailand CB Argentinien 28 Walter Samuel
8%
86 Ajax Amsterdam CB Niederlande 33 Jaap Stam
7%
85 Sevilla FC ST Brasilien 25 Luis Fabiano
7%
88 Valencia CF GK Spanien 36 Santiago Canizares
7%
85 Livorno Calcio ST Italien 30 Cristiano Lucarelli
5%
87 Valencia CF RW Spanien 24 Joaquin
5%
87 FC Barcelona CAM Frankreich 29 Ludovic Giuly
5%
87 PSV Eindhoven CM Niederlande 35 Philip Cocu
5%
86 FC Sao Paulo GK Brasilien 33 Rogerio Ceni
5%
86 Inter Mailand CF Uruguay 30 Alvaro Recoba
4%
85 Manchester United CB Argentinien 28 Gabriel Heinze
4%
85 FC Porto CM Argentinien 25 Luis Gonzalez
4%
85 Paris Saint-German CB Kolumbien 30 Mario Yepes
4%
85 FC Arsenal CB Frankreich 28 William Gallas
4%
86 AC Milan CB Georgien 28 Kacha Kaladse
3%
85 Paris Saint-Germain GK Frankreich 27 Mickael Landreau
3%
86 Valencia CF CB Argentinien 33 Roberto Ayala
3%
85 Aston Villa CM Bulgarien 26 Stilijan Petrow
3%
86 Deportivo de La Coruna CAM Spanien 31 Juan Carlos Valeron
1%
85 Torino GK Italien 28 Christian Abbiati
0%
85 AS Monaco CB Frankreich 24 Gael Givet
0%
85 CA Osasuna ST Serbien 32 Savo Milosevic
0%
88 Valencia CF LW Spanien 24 Vicente
0%
Keine übereinstimmenden Quizze gefunden
Verteilung der Resultate
Anzahl Personen mit jedem Resultat
Perzentil nach korrekt beantworteten Fragen
Ihre Resultats-Entwicklung
Sie haben dieses Quiz noch nicht gespielt